Online
Catalog

Francisco de Orellana / (Record no. 14155)

MARC details
000 -CABECERA
campo de control de longitud fija 00772nam a2200229 a 4500
001 - NÚMERO DE CONTROL
campo de control 000014568
005 - FECHA Y HORA DE LA ÚLTIMA TRANSACCIÓN
campo de control 20200929163853.0
008 - DATOS DE LONGITUD FIJA--INFORMACIÓN GENERAL
campo de control de longitud fija 100114s1994 pe 000 0bspa d
020 ## - NÚMERO INTERNACIONAL ESTÁNDAR DEL LIBRO
Número Internacional Estándar del Libro 848389602X
040 ## - FUENTE DE LA CATALOGACIÓN
Centro catalogador/agencia de origen DO-SdBNP
Lengua de catalogación spa
Centro/agencia transcriptor BNPHU
082 ## - NÚMERO DE LA CLASIFICACIÓN DECIMAL DEWEY
Número de clasificación 923.9
Número de documento/Ítem O66B
049 ## - FONDOS LOCALES (OCLC)
Fondos de biblioteca BNGR
100 1# - ENTRADA PRINCIPAL--NOMBRE DE PERSONA
Nombre de persona Busto Duthurburu, José Antonio del,
Fechas asociadas al nombre 1932-2006
9 (RLIN) 32968
245 10 - MENCIÓN DE TÍTULO
Título Francisco de Orellana /
Mención de responsabilidad, etc. José Antonio del Busto Duthurburu.
260 ## - PUBLICACIÓN, DISTRIBUCIÓN, ETC.
Lugar de publicación, distribución, etc. Lima, Perú :
Nombre del editor, distribuidor, etc. Brasa,
Fecha de publicación, distribución, etc. 1994.
300 ## - DESCRIPCIÓN FÍSICA
Extensión 124, [3] p. ;
Dimensiones 21 cm.
490 1# - MENCIÓN DE SERIE
Mención de serie Forjadores del Perú
Designación de volumen o secuencia 2
600 14 - PUNTO DE ACCESO ADICIONAL DE MATERIA--NOMBRE DE PERSONA
Nombre de persona ORELLANA, FRANCISCO DE,
Fechas asociadas al nombre 1511-1546
Subdivisión general BIOGRAFÍAS
9 (RLIN) 32986
650 #4 - PUNTO DE ACCESO ADICIONAL DE MATERIA--TÉRMINO DE MATERIA
Término de materia o nombre geográfico como elemento de entrada Exploradores
Subdivisión geográfica España
Subdivisión general Biografías
9 (RLIN) 1642
650 #4 - PUNTO DE ACCESO ADICIONAL DE MATERIA--TÉRMINO DE MATERIA
Término de materia o nombre geográfico como elemento de entrada Descubrimientos geográficos
9 (RLIN) 27535
830 #0 - PUNTO DE ACCESO ADICIONAL DE SERIE-TÍTULO UNIFORME
Título uniforme Forjadores del Perú ;
Designación de volumen o secuencia 2
9 (RLIN) 32959
Holdings
Estado de retiro Estado de pérdida Restricciones de uso No para préstamo Código de colección Localización permanente Ubicación/localización actual Ubicación en estantería Fecha de adquisición Número de inventario Total de préstamos Signatura topográfica completa Código de barras Fecha visto por última vez Precio válido a partir de Tipo de ítem Koha
    Préstamo interno   Monografías: Libros y Folletos General General En catalogación 14.01.2010 LF1   923.9 O66B 14568-10 25.06.2020 25.06.2020 Préstamo interno

Powered by Koha